[Event "British Columbia-ch Seniors Online"]
[Site "chess.com"]
[Date "2021.06.25"]
[Round "1.4"]
[White "Hack, Don"]
[Black "Jones, David"]
[Result "0-1"]
[WhiteElo "1193"]
[BlackElo "1905"]
[PlyCount "100"]
[EventDate "2021.06.25"]
[EventType "swiss"]
[EventRounds "5"]
[EventCountry "CAN"]

1. d4 c6 2. c4 d5 3. Nf3 Nf6 4. Nc3 dxc4 5. e4 Bg4 6. e5 Nd5 7. Bxc4 e6 8. O-O
Be7 9. h3 Bf5 10. a3 O-O 11. Bd2 Nxc3 12. Bxc3 Nd7 13. Rc1 Nb6 14. Ba2 Nd5 15.
Re1 a5 16. Qd2 b5 17. Bxd5 Qxd5 18. Bxa5 Bxh3 19. Bb4 Bxb4 20. Qxb4 Bg4 21. Re3
Bxf3 22. Rxf3 Ra4 23. Qc5 Rxd4 24. Qxc6 Qxe5 25. Re3 Qf5 26. Rce1 Rd2 27. R3e2
Rxe2 28. Rxe2 Rd8 29. Rd2 Rb8 30. Qc7 Rf8 31. Rd8 g5 32. Rxf8+ Kxf8 33. Qd6+
Kg7 34. b4 h5 35. Qc5 Qxc5 36. bxc5 Kf6 37. f3 Ke5 38. c6 Kd6 39. c7 Kxc7 40.
Kf2 Kd6 41. Ke3 Kd5 42. Kd3 f5 43. g3 h4 44. gxh4 gxh4 45. Ke2 Kd4 46. Kf2 e5
47. Kg2 e4 48. fxe4 fxe4 49. Kh3 e3 50. Kxh4 e2 0-1

[Event "British Columbia-ch Seniors Online"]
[Site "chess.com"]
[Date "2021.06.25"]
[Round "1.5"]
[White "Soliven, Joe"]
[Black "Batisse, Norman"]
[Result "1-0"]
[WhiteElo "1795"]
[BlackElo "903"]
[PlyCount "79"]
[EventDate "2021.06.25"]
[EventType "swiss"]
[EventRounds "5"]
[EventCountry "CAN"]

1. b3 e5 2. Bb2 d5 3. Bxe5 Nc6 4. Bb2 Nf6 5. e3 Bd6 6. Be2 O-O 7. d3 Ne5 8. h3
c5 9. Nd2 Qa5 10. Ngf3 Nxf3+ 11. Bxf3 c4 12. Bxf6 gxf6 13. O-O c3 14. b4 Qb5
15. Nb3 Bxb4 16. Nd4 Qd7 17. Bg4 Qd6 18. Bxc8 Raxc8 19. Nf5 Kh8 20. Nxd6 Bxd6
21. Qf3 Be7 22. Qxd5 Ba3 23. Qf5 Rc5 24. Qxf6+ Kg8 25. f4 Rc6 26. Qh4 Rg6 27.
f5 Rg7 28. Rf3 Bd6 29. Kh1 Kh8 30. Qf6 Bb8 31. e4 Rfg8 32. e5 Bc7 33. d4 Bd8
34. Qd6 Rxg2 35. Qxd8 Rxd8 36. Kxg2 Rxd4 37. Rxc3 Kg7 38. Kf3 b5 39. Rc6 Rh4
40. Rg1+ 1-0

[Event "British Columbia-ch Seniors Online"]
[Site "chess.com"]
[Date "2021.06.26"]
[Round "2.1"]
[White "Pitre, Hanniegn"]
[Black "Morgan, Scott"]
[Result "0-1"]
[WhiteElo "1697"]
[BlackElo "2029"]
[PlyCount "130"]
[EventDate "2021.06.25"]
[EventType "swiss"]
[EventRounds "5"]
[EventCountry "CAN"]

1. e4 e5 2. f4 exf4 3. Bc4 d5 4. Bxd5 Qh4+ 5. Kf1 Ne7 6. Nf3 Qh5 7. Bb3 g5 8.
d4 Bg7 9. Nc3 Bg4 10. e5 Nbc6 11. Ne4 O-O-O 12. Nexg5 Bxf3 13. Qxf3 Qxg5 14.
Bxf4 Qf5 15. g4 Qg6 16. c3 Na5 17. h4 Nxb3 18. axb3 Kb8 19. h5 Qc6 20. Qxc6
Nxc6 21. Kf2 Rhe8 22. Rhe1 Re6 23. b4 Ne7 24. Bg5 Re8 25. Rad1 Ng8 26. Bf4 Kc8
27. Kf3 Kd7 28. d5 R6e7 29. d6 Re6 30. dxc7+ Kxc7 31. Rd5 Ne7 32. Rc5+ Kb8 33.
g5 b6 34. Rb5 a6 35. Rxb6+ Rxb6 36. e6+ Kc8 37. exf7 Rf8 38. Rxe7 Kd8 39. Ra7
Rc6 40. h6 Bh8 41. g6 Rxg6 42. Bc7+ Ke7 43. Be5+ Ke6 44. Bxh8 Rxh8 45. Rxa6+
Kxf7 46. Ra7+ Ke6 47. c4 Rf8+ 48. Ke4 Rg4+ 49. Kd3 Rf7 50. Ra6+ Ke5 51. Ra5+
Ke6 52. Ra6+ Kf5 53. b5 Rf6 54. Rxf6+ Kxf6 55. Kc3 Ke6 56. Kb4 Kd6 57. b3 Rh4
58. Ka5 Kc5 59. b4+ Kxc4 60. b6 Rxh6 61. b7 Rh5+ 62. Kb6 Rb5+ 63. Kc7 Kxb4 64.
b8=Q Rxb8 65. Kxb8 h5 0-1

[Event "British Columbia-ch Seniors Online"]
[Site "chess.com"]
[Date "2021.06.26"]
[Round "2.2"]
[White "Haessel, Dale"]
[Black "Escandor, Manuel Omana"]
[Result "1-0"]
[WhiteElo "2014"]
[BlackElo "1659"]
[PlyCount "51"]
[EventDate "2021.06.25"]
[EventType "swiss"]
[EventRounds "5"]
[EventCountry "CAN"]

1. d4 d5 2. c4 dxc4 3. e4 e5 4. Nf3 exd4 5. Bxc4 Bb4+ 6. Nbd2 Nc6 7. O-O Nge7
8. Ng5 Ne5 9. Qb3 O-O 10. Qxb4 N7c6 11. Qa4 a6 12. Ngf3 Bg4 13. Nxe5 Nxe5 14.
f3 b5 15. Qc2 Nxc4 16. Nxc4 bxc4 17. fxg4 d3 18. Qc3 Qd6 19. Bf4 Qc5+ 20. Rf2
Rfd8 21. b3 Rd7 22. Qxc4 Qb6 23. Rd1 Rad8 24. Bg5 Rd4 25. Qxf7+ Kh8 26. Qf8+
1-0

[Event "British Columbia-ch Seniors Online"]
[Site "chess.com"]
[Date "2021.06.26"]
[Round "2.3"]
[White "Leblanc, Paul"]
[Black "Lee, Mau-Seng"]
[Result "1-0"]
[WhiteElo "1646"]
[BlackElo "1958"]
[PlyCount "131"]
[EventDate "2021.06.25"]
[EventType "swiss"]
[EventRounds "5"]
[EventCountry "CAN"]

1. d4 d5 2. c4 c6 3. Nf3 Nf6 4. Nc3 g6 5. Qb3 Bg7 6. cxd5 cxd5 7. Bf4 a6 8. e3
O-O 9. Be2 Nc6 10. h3 Na5 11. Qb4 Re8 12. O-O Bf8 13. Qa4 b5 14. Qd1 Nc4 15. b3
Nd6 16. Rc1 Bb7 17. Ne5 e6 18. Qd2 Nfe4 19. Qb2 Rc8 20. Nxe4 Nxe4 21. Rxc8 Qxc8
22. Rc1 Qd8 23. f3 Nd6 24. Nd3 Bg7 25. Qc3 g5 26. Bh2 Nf5 27. g4 Ne7 28. Nc5
Bc8 29. a4 Qb6 30. axb5 axb5 31. Qb4 Nc6 32. Qxb5 Qxb5 33. Bxb5 Nxd4 34. Bxe8
Ne2+ 35. Kf2 Nxc1 36. b4 Kf8 37. Ba4 Ke7 38. b5 e5 39. b6 Kd8 40. b7 Nd3+ 41.
Nxd3 Bxb7 42. Bxe5 Bxe5 43. Nxe5 Ke7 44. Nc6+ Bxc6 45. Bxc6 Kd6 46. Ba8 f6 47.
Ke2 Ke5 48. Kd3 h6 49. Bb7 f5 50. gxf5 Kxf5 51. Bxd5 Ke5 52. Bf7 Kf6 53. Bh5
Ke5 54. Kc4 Ke6 55. Kd4 Kd6 56. Bg4 Ke7 57. Ke5 Kf7 58. Bh5+ Kg7 59. Ke6 Kh7
60. Kf6 Kh8 61. Kg6 Kg8 62. Kxh6 Kh8 63. Kg6 g4 64. hxg4 Kg8 65. Kf6 Kf8 66. e4
1-0

[Event "British Columbia-ch Seniors Online"]
[Site "chess.com"]
[Date "2021.06.26"]
[Round "2.4"]
[White "Jones, David"]
[Black "Martin, Andrew"]
[Result "0-1"]
[WhiteElo "1905"]
[BlackElo "1514"]
[PlyCount "148"]
[EventDate "2021.06.25"]
[EventType "swiss"]
[EventRounds "5"]
[EventCountry "CAN"]

1. d4 d5 2. Nf3 Nf6 3. Bf4 e6 4. e3 a6 5. Be2 h6 6. O-O Bd6 7. Bxd6 Qxd6 8. c4
dxc4 9. Bxc4 b5 10. Bd3 Bb7 11. Nbd2 O-O 12. Qe2 Nbd7 13. e4 Qe7 14. Nb3 c5 15.
Nxc5 Nxc5 16. dxc5 Qxc5 17. Rac1 Qe7 18. Ne5 Rac8 19. Rxc8 Rxc8 20. a4 Qc7 21.
Nf3 bxa4 22. e5 Bxf3 23. gxf3 Nh7 24. h4 a5 25. f4 Qe7 26. Qg4 Qb4 27. Kh2 Kh8
28. Rg1 Rg8 29. Rb1 Qd4 30. Qg3 Rb8 31. Rg1 Rg8 32. Rb1 Nf8 33. Qe3 Qb4 34. Kg3
Nd7 35. Qe4 Qxe4 36. Bxe4 Nc5 37. Bc2 Rb8 38. Kf3 Nb3 39. Ke3 Rb4 40. Rd1 g6
41. h5 gxh5 42. f5 exf5 43. Bxf5 Nc5 44. Rc1 Ne6 45. Rc8+ Kg7 46. Ra8 Rb5 47.
f4 Rb3+ 48. Ke4 Rb4+ 49. Ke3 Nxf4 50. Rxa5 Ng2+ 51. Kd3 Rxb2 52. Rxa4 Rb3+ 53.
Kd4 Nh4 54. Be4 Ng6 55. Bd5 Rb1 56. Ra7 Rd1+ 57. Ke4 Re1+ 58. Kf3 Nxe5+ 59. Kg3
Kg6 60. Ra6+ f6 61. Kh4 Re3 62. Ra8 Nf3+ 63. Kg3 Ng5+ 64. Kf2 Re7 65. Bc4 h4
66. Rg8+ Kh7 67. Rf8 Ne4+ 68. Kg2 Kg6 69. Kh3 Ng5+ 70. Kg2 h3+ 71. Kh2 Rd7 72.
Rg8+ Kh5 73. Rf8 Rd2+ 74. Kh1 Nf3 0-1

[Event "British Columbia-ch Seniors Online"]
[Site "chess.com"]
[Date "2021.06.26"]
[Round "2.5"]
[White "Ingram, Richard"]
[Black "Soliven, Joe"]
[Result "0-1"]
[WhiteElo "1490"]
[BlackElo "1795"]
[PlyCount "86"]
[EventDate "2021.06.25"]
[EventType "swiss"]
[EventRounds "5"]
[EventCountry "CAN"]

1. e4 c5 2. Nf3 d6 3. d4 cxd4 4. Nxd4 Nf6 5. Nc3 a6 6. h3 e5 7. Nde2 h6 8. g4
Nc6 9. Bg2 Be6 10. Be3 Rc8 11. O-O Na5 12. b3 b5 13. Nd5 Bxd5 14. exd5 Nb7 15.
Qd2 Be7 16. Rac1 Nc5 17. Ng3 g5 18. Bf3 Qd7 19. Bxc5 Rxc5 20. c4 bxc4 21. bxc4
Qc8 22. Qe2 h5 23. Nf5 hxg4 24. hxg4 Nd7 25. Rc2 Nb6 26. Rfc1 Qc7 27. Be4 Bf6
28. Bd3 Kf8 29. Qf3 Nd7 30. Ng3 Ra5 31. Nh5 Rh6 32. Qe3 Ra3 33. Qd2 Qc5 34. Bf5
Ke7 35. Ng3 Rxg3+ 36. Kf1 Rh1+ 37. Ke2 Rh2 38. Kf1 Rgg2 39. Qe3 Qxe3 40. fxe3
Rxc2 41. Rxc2 Rxc2 42. Bxc2 Nc5 43. Ke2 e4 0-1

[Event "British Columbia-ch Seniors Online"]
[Site "chess.com"]
[Date "2021.06.26"]
[Round "3.1"]
[White "Morgan, Scott"]
[Black "Leblanc, Paul"]
[Result "0-1"]
[WhiteElo "2029"]
[BlackElo "1646"]
[PlyCount "78"]
[EventDate "2021.06.25"]
[EventType "swiss"]
[EventRounds "5"]
[EventCountry "CAN"]

1. e4 c6 2. Nc3 d5 3. Nf3 dxe4 4. Nxe4 Nf6 5. Nxf6+ gxf6 6. d4 Bf5 7. Bd3 Bg6
8. c3 Qc7 9. Qe2 Nd7 10. Be3 O-O-O 11. a4 Kb8 12. a5 e5 13. Nh4 e4 14. Bc4 f5
15. g3 Bd6 16. Ng2 Rde8 17. b4 Ka8 18. Nf4 Nf6 19. h4 h5 20. O-O Ng4 21. b5
Nxe3 22. fxe3 Bxf4 23. Rxf4 cxb5 24. Bxb5 Qxc3 25. Rff1 Rc8 26. a6 b6 27. Ra2
f6 28. d5 Qe5 29. Kh2 Qxd5 30. Rd1 Qe5 31. Rad2 Be8 32. Rd5 Bxb5 33. Qxb5 Qc7
34. Kh3 Rhg8 35. Rd6 Qg7 36. Qd5+ Kb8 37. Rg1 Qg4+ 38. Kh2 Rc2+ 39. Rg2 Qxg3+
0-1

[Event "British Columbia-ch Seniors Online"]
[Site "chess.com"]
[Date "2021.06.26"]
[Round "3.2"]
[White "Martin, Andrew"]
[Black "Haessel, Dale"]
[Result "0-1"]
[WhiteElo "1514"]
[BlackElo "2014"]
[PlyCount "78"]
[EventDate "2021.06.25"]
[EventType "swiss"]
[EventRounds "5"]
[EventCountry "CAN"]

1. e4 e5 2. Nf3 Nc6 3. Bc4 Nf6 4. d3 Bc5 5. c3 d6 6. h3 a6 7. Bb3 Ba7 8. Bg5 h6
9. Bh4 g5 10. Bg3 Nh5 11. Bh2 Qf6 12. Nbd2 Nf4 13. Bxf4 gxf4 14. Qe2 Rg8 15.
Rg1 Bd7 16. O-O-O O-O-O 17. Kb1 Rg6 18. Bc2 Rdg8 19. Qf1 R6g7 20. Ba4 Qe7 21.
Re1 Kb8 22. Bb3 h5 23. Bc2 Qd8 24. Nb3 f5 25. d4 exd4 26. Nbxd4 Bxd4 27. Nxd4
Nxd4 28. cxd4 fxe4 29. Bxe4 Qf6 30. Bd5 Qf5+ 31. Be4 Qf7 32. Rh1 Bb5 33. Qg1
Bc4 34. a3 Bd5 35. Rh2 Bxe4+ 36. Rxe4 Qf5 37. Qe1 d5 38. f3 dxe4 39. fxe4 Re7
0-1

[Event "British Columbia-ch Seniors Online"]
[Site "chess.com"]
[Date "2021.06.26"]
[Round "3.3"]
[White "Cook, Martin"]
[Black "Monkhouse, Neale"]
[Result "0-1"]
[WhiteElo "1099"]
[BlackElo "1446"]
[PlyCount "112"]
[EventDate "2021.06.25"]
[EventType "swiss"]
[EventRounds "5"]
[EventCountry "CAN"]

1. e4 c5 2. c3 d6 3. d4 cxd4 4. cxd4 g6 5. Nf3 Bg7 6. Bb5+ Nd7 7. O-O a6 8. Ba4
b5 9. Bb3 Ngf6 10. Bxf7+ Kxf7 11. Ng5+ Kg8 12. Qb3+ d5 13. e5 Nb6 14. exf6 Bxf6
15. Nf3 Bf5 16. Nc3 h6 17. Bf4 Nc4 18. a4 bxa4 19. Qxa4 Nxb2 20. Qc6 e6 21.
Rxa6 Rc8 22. Qb7 Nd3 23. Ra7 Qe8 24. Be5 Nxe5 25. dxe5 Rb8 26. Qa6 Be7 27. Nd4
Bc5 28. Nxf5 Bxa7 29. Nd6 Qd7 30. Qd3 Kg7 31. Ncb5 Bb6 32. Rc1 Rhf8 33. Rc2 Ra8
34. h3 Ra1+ 35. Kh2 Rxf2 36. Rxf2 Bxf2 37. Nc7 Bh4 38. Nce8+ Kh7 39. Qd4 Ra8
40. Qxh4 Rxe8 41. Nxe8 Qxe8 42. Qd4 Qf7 43. h4 g5 44. hxg5 Qh5+ 45. Kg1 Qxg5
46. Qd3+ Qf5 47. Qe3 Kg6 48. Qg3+ Kh5 49. Qh2+ Kg5 50. Qg3+ Qg4 51. Qe3+ Qf4
52. Qe2 d4 53. Kh1 Qe3 54. Qb5 Kf4 55. g3+ Qxg3 56. Qf1+ Qf3+ 0-1

[Event "British Columbia-ch Seniors Online"]
[Site "chess.com"]
[Date "2021.06.26"]
[Round "3.4"]
[White "Lee, Mau-Seng"]
[Black "Ingram, Richard"]
[Result "1/2-1/2"]
[WhiteElo "1958"]
[BlackElo "1490"]
[PlyCount "80"]
[EventDate "2021.06.25"]
[EventType "swiss"]
[EventRounds "5"]
[EventCountry "CAN"]

1. e3 Nf6 2. Nc3 b6 3. d4 Bb7 4. Nf3 e6 5. Bd3 Be7 6. Bd2 c5 7. Ne2 Nc6 8. c3
O-O 9. O-O d6 10. Ng3 Re8 11. Qc2 Rc8 12. dxc5 bxc5 13. Ng5 g6 14. h4 Bf8 15.
f4 Ne7 16. Rad1 Qc7 17. N3e4 Nxe4 18. Bxe4 d5 19. Bf3 Bg7 20. Be1 Nf5 21. Bf2
Ba6 22. Rfe1 Qe7 23. Qa4 Bb7 24. e4 dxe4 25. Bxe4 Bxe4 26. Nxe4 h5 27. Rd7 Qf8
28. Red1 Red8 29. Bxc5 Qe8 30. Qxa7 Rxd7 31. Rxd7 Rd8 32. Rxd8 Qxd8 33. Nf2 Qd2
34. Qa8+ Kh7 35. Ne4 Qe1+ 36. Kh2 Qxh4+ 37. Kg1 Qe1+ 38. Kh2 Qh4+ 39. Kg1 Qe1+
40. Kh2 Qh4+ 1/2-1/2

[Event "British Columbia-ch Seniors Online"]
[Site "chess.com"]
[Date "2021.06.27"]
[Round "4.1"]
[White "Haessel, Dale"]
[Black "Leblanc, Paul"]
[Result "1-0"]
[WhiteElo "2035"]
[BlackElo "1768"]
[PlyCount "50"]
[EventDate "2021.06.25"]
[EventType "swiss"]
[EventRounds "5"]
[EventCountry "CAN"]

1. d4 d5 2. c4 dxc4 3. e4 Nf6 4. e5 Nd5 5. Bxc4 Nb6 6. Bd3 Nc6 7. Ne2 Bg4 8.
Be3 e6 9. Nbc3 Be7 10. O-O O-O 11. a3 Bh5 12. Ne4 Nd5 13. Rc1 Bg6 14. b4 a6 15.
Qb3 Qd7 16. Rfd1 Rac8 17. N2c3 f6 18. exf6 gxf6 19. Bc4 Rcd8 20. Bh6 Rfe8 21.
f3 Bf7 22. Nc5 Bxc5 23. dxc5 Nce7 24. Ne4 Qc6 25. b5 Qd7 1-0

[Event "British Columbia-ch Seniors Online"]
[Site "chess.com"]
[Date "2021.06.27"]
[Round "4.2"]
[White "Soliven, Joe"]
[Black "Monkhouse, Neale"]
[Result "1-0"]
[WhiteElo "1795"]
[BlackElo "1446"]
[PlyCount "65"]
[EventDate "2021.06.25"]
[EventType "swiss"]
[EventRounds "5"]
[EventCountry "CAN"]

1. e4 c5 2. Ne2 Nc6 3. Nbc3 g6 4. g3 Bg7 5. Bg2 Nf6 6. O-O O-O 7. d3 d6 8. Nd5
Rb8 9. c3 e6 10. Nxf6+ Bxf6 11. Bh6 Bg7 12. Qd2 d5 13. Bxg7 Kxg7 14. exd5 exd5
15. d4 c4 16. Nf4 Ne7 17. Rae1 f6 18. Re2 Rf7 19. Bf3 b5 20. Rfe1 a5 21. h4 Qd6
22. Ne6+ Bxe6 23. Rxe6 Qc7 24. Qe2 Ng8 25. Bxd5 Rd7 26. Qf3 f5 27. Rc6 Qd8 28.
Bxg8 Qxg8 29. Rce6 Rbd8 30. Qf4 Rd5 31. Qg5 Rf8 32. h5 Kh8 33. hxg6 1-0

[Event "British Columbia-ch Seniors Online"]
[Site "chess.com"]
[Date "2021.06.27"]
[Round "4.3"]
[White "Pitre, Hanniegn"]
[Black "Martin, Andrew"]
[Result "0-1"]
[WhiteElo "1697"]
[BlackElo "1514"]
[PlyCount "84"]
[EventDate "2021.06.25"]
[EventType "swiss"]
[EventRounds "5"]
[EventCountry "CAN"]

1. e4 c5 2. b4 cxb4 3. Bb2 d5 4. exd5 Qxd5 5. d4 a6 6. Nf3 Bg4 7. Be2 e6 8. O-O
Nf6 9. c4 bxc3 10. Nxc3 Qd8 11. h3 Bh5 12. Re1 Be7 13. g4 Bg6 14. Ne5 Nbd7 15.
Bf3 Rb8 16. Qa4 O-O 17. Nxg6 hxg6 18. Rad1 Qc7 19. d5 e5 20. g5 Nh5 21. Bxh5
gxh5 22. d6 Bxd6 23. Qh4 g6 24. Nd5 Qc2 25. Bc1 Rfd8 26. Be3 Bf8 27. Rc1 Qxa2
28. Qe4 Qa5 29. f4 exf4 30. Bxf4 Re8 31. Bc7 Qxe1+ 32. Qxe1 Rxe1+ 33. Rxe1 Rc8
34. Bg3 b5 35. Ne7+ Bxe7 36. Rxe7 Nc5 37. Be5 Ra8 38. Bf6 b4 39. Kf1 a5 40. Ke2
a4 41. Kd2 a3 42. Kc2 b3+ 0-1

[Event "British Columbia-ch Seniors Online"]
[Site "chess.com"]
[Date "2021.06.27"]
[Round "4.4"]
[White "Verdon, Norman"]
[Black "Morgan, Scott"]
[Result "1/2-1/2"]
[WhiteElo "2152"]
[BlackElo "2029"]
[PlyCount "84"]
[EventDate "2021.06.25"]
[EventType "swiss"]
[EventRounds "5"]
[EventCountry "CAN"]

1. e4 e5 2. Nf3 Nc6 3. Bb5 Bc5 4. O-O Nd4 5. Nxd4 Bxd4 6. c3 Bb6 7. d4 c6 8.
Ba4 d6 9. Be3 Qh4 10. Nd2 Nf6 11. f3 O-O 12. Nc4 Bc7 13. dxe5 dxe5 14. Bb3 Be6
15. Bf2 Qg5 16. Ne3 Bb6 17. h4 Qh6 18. Qc1 Nh5 19. Nf5 Qxc1 20. Rfxc1 Nf4 21.
Bxb6 axb6 22. Rd1 Bxf5 23. exf5 Rfd8 24. g3 Nd3 25. Rd2 Rd7 26. Rad1 Rad8 27.
Bc2 Nc5 28. Rxd7 Rxd7 29. b4 Rxd1+ 30. Bxd1 Nd7 31. Kf2 Kf8 32. g4 Ke7 33. Bb3
Nf6 34. Ke3 Nd5+ 35. Kd3 Kd6 36. a3 f6 37. Bxd5 cxd5 38. a4 h6 39. Ke3 Kc6 40.
Kd3 Kd6 41. Ke3 Kc6 42. Kd3 Kd6 1/2-1/2

[Event "British Columbia-ch Seniors Online"]
[Site "chess.com"]
[Date "2021.06.27"]
[Round "4.5"]
[White "Hanrahan, Nigel"]
[Black "Cook, Martin"]
[Result "1/2-1/2"]
[WhiteElo "1712"]
[BlackElo "1099"]
[PlyCount "42"]
[EventDate "2021.06.25"]
[EventType "swiss"]
[EventRounds "5"]
[EventCountry "CAN"]

1. c4 Nf6 2. Nc3 g6 3. e4 d6 4. g3 Bg7 5. Bg2 c5 6. Nge2 Nc6 7. d4 cxd4 8. Nxd4
Nxd4 9. Qxd4 O-O 10. O-O Nd7 11. Qe3 Ne5 12. b3 Ng4 13. Qd2 Qa5 14. Bb2 Qh5 15.
h3 Nf6 16. Qe2 Qxe2 17. Nxe2 Rb8 18. Bd4 b6 19. Rac1 Bb7 20. f3 Nd7 21. Rfd1
Bxd4+ 1/2-1/2

[Event "British Columbia-ch Seniors Online"]
[Site "chess.com"]
[Date "2021.06.27"]
[Round "5.1"]
[White "Haessel, Dale"]
[Black "Soliven, Joe"]
[Result "1/2-1/2"]
[WhiteElo "2014"]
[BlackElo "1795"]
[PlyCount "75"]
[EventDate "2021.06.25"]
[EventType "swiss"]
[EventRounds "5"]
[EventCountry "CAN"]

1. d4 Nf6 2. c4 e6 3. Nc3 Bb4 4. e3 b6 5. Bd3 Bb7 6. Nf3 Bxc3+ 7. bxc3 Ne4 8.
O-O O-O 9. Nd2 f5 10. f3 Nxd2 11. Bxd2 d6 12. e4 Qf6 13. Qc2 g6 14. Rae1 Nd7
15. Bh6 Rf7 16. f4 d5 17. Bg5 Qg7 18. cxd5 exd5 19. exf5 gxf5 20. Bxf5 Nf6 21.
Rf3 Ne4 22. Be6 Kh8 23. Bxf7 Qxf7 24. Rh3 Rg8 25. Rh6 Re8 26. Qd3 Bc8 27. Re3
Bf5 28. Qe2 Bg6 29. h4 Qd7 30. g4 Nxc3 31. Rxe8+ Bxe8 32. Qe5+ Kg8 33. f5 Qa4
34. Qe6+ Bf7 35. Qc8+ Be8 36. Qe6+ Bf7 37. Qc8+ Be8 38. Qe6+ 1/2-1/2

[Event "British Columbia-ch Seniors Online"]
[Site "chess.com"]
[Date "2021.06.27"]
[Round "5.2"]
[White "Leblanc, Paul"]
[Black "Martin, Andrew"]
[Result "1/2-1/2"]
[WhiteElo "1646"]
[BlackElo "1514"]
[PlyCount "77"]
[EventDate "2021.06.25"]
[EventType "swiss"]
[EventRounds "5"]
[EventCountry "CAN"]

1. d4 d5 2. c4 e6 3. Nf3 Nf6 4. Nc3 a6 5. cxd5 exd5 6. Bf4 c6 7. e3 Bg4 8. h3
Bh5 9. Bd3 Bb4 10. O-O O-O 11. a3 Bxc3 12. bxc3 Nbd7 13. c4 dxc4 14. Bxc4 b5
15. Be2 Ne4 16. Qc2 Qe7 17. Bd3 Bxf3 18. gxf3 Ng5 19. Kg2 g6 20. Qxc6 Ne6 21.
Bg3 Rfc8 22. Qd6 Qe8 23. Rac1 Rd8 24. Qb4 Nb6 25. Rc2 Qd7 26. Bh4 Nd5 27. Qb3
Nef4+ 28. exf4 Nxf4+ 29. Kg3 Qxh3+ 30. Kxf4 Qxh4+ 31. Ke3 Qxd4+ 32. Ke2 Re8+
33. Be4 Rad8 34. Rfc1 Kh8 35. Qxf7 Rxe4+ 36. fxe4 Qxe4+ 37. Kf1 Qh1+ 38. Ke2
Qe4+ 39. Kf1 1/2-1/2

[Event "British Columbia-ch Seniors Online"]
[Site "chess.com"]
[Date "2021.06.27"]
[Round "5.3"]
[White "Pangilinan, Emmanuel"]
[Black "Morgan, Scott"]
[Result "1-0"]
[WhiteElo "1514"]
[BlackElo "2029"]
[PlyCount "77"]
[EventDate "2021.06.25"]
[EventType "swiss"]
[EventRounds "5"]
[EventCountry "CAN"]

1. e4 e5 2. f4 exf4 3. Nf3 d6 4. Nc3 Be7 5. Bc4 Bh4+ 6. g3 fxg3 7. hxg3 Bxg3+
8. Kf1 Be6 9. Bxe6 fxe6 10. d4 e5 11. d5 Bf4 12. Bxf4 exf4 13. Nd4 Na6 14. Ne6
Qf6 15. Qh5+ g6 16. Qg4 h5 17. Qe2 Rb8 18. Qb5+ Kf7 19. Ke2 c6 20. Qd3 cxd5 21.
Nxf4 Nb4 22. Qb5 Nxc2 23. Qxd5+ Kg7 24. Ne6+ Kh6 25. Qd2+ Kh7 26. Ng5+ Kh6 27.
Nf7+ Kg7 28. Raf1 Nd4+ 29. Kd1 Nf3 30. Qd3 Qxf7 31. Rxf3 Qe6 32. Rhf1 Nh6 33.
Rf6 Qg4+ 34. Kc1 Rhf8 35. Qxd6 Qg5+ 36. R6f4 Rxf4 37. Rxf4 Rf8 38. Qxf8+ Kh7
39. Kb1 1-0

[Event "British Columbia-ch Seniors Online"]
[Site "chess.com"]
[Date "2021.06.27"]
[Round "5.4"]
[White "Monkhouse, Neale"]
[Black "Jones, David"]
[Result "1-0"]
[WhiteElo "1446"]
[BlackElo "1905"]
[PlyCount "41"]
[EventDate "2021.06.25"]
[EventType "swiss"]
[EventRounds "5"]
[EventCountry "CAN"]

1. e4 e6 2. d3 d5 3. Nd2 Nf6 4. g3 c5 5. Bg2 Nc6 6. Ngf3 Be7 7. O-O O-O 8. Re1
Qc7 9. c3 dxe4 10. dxe4 e5 11. Qc2 Be6 12. Nf1 b5 13. Ne3 Rfd8 14. Ng5 Bc8 15.
Qb3 h6 16. Qxf7+ Kh8 17. Ne6 Bxe6 18. Qxe6 Qd7 19. Qxd7 Rxd7 20. Nd5 Bd6 21.
Nxf6 1-0

[Event "British Columbia-ch Seniors Online"]
[Site "chess.com"]
[Date "2021.06.27"]
[Round "5.5"]
[White "Verdon, Norman"]
[Black "Ingram, Richard"]
[Result "1-0"]
[WhiteElo "2152"]
[BlackElo "1490"]
[PlyCount "113"]
[EventDate "2021.06.25"]
[EventType "swiss"]
[EventRounds "5"]
[EventCountry "CAN"]

1. e4 c5 2. Nf3 Nc6 3. Bb5 g6 4. Bxc6 dxc6 5. h3 Nf6 6. Qe2 Bg7 7. O-O O-O 8.
d3 b6 9. Re1 Re8 10. Bf4 Nd7 11. e5 Nf8 12. Qe3 Ne6 13. Bh6 Nd4 14. Bxg7 Kxg7
15. Na3 Bb7 16. c3 Nxf3+ 17. Qxf3 Qd5 18. Qxd5 cxd5 19. d4 Ba6 20. Rac1 cxd4
21. cxd4 Rac8 22. f3 Rxc1 23. Rxc1 Rc8 24. Rc2 Kf8 25. Kf2 Ke8 26. Ke3 Kd7 27.
h4 Bf1 28. g4 Rxc2 29. Nxc2 a5 30. b3 Ba6 31. a3 Bf1 32. Kd2 e6 33. Ne3 Bb5 34.
g5 Ke7 35. Ng4 Kf8 36. a4 Bc6 37. Kc3 b5 38. axb5 Bxb5 39. Nf6 Kg7 40. Kb2 Bc6
41. Ka3 Bb5 42. f4 Bc6 43. Ng4 Kf8 44. b4 axb4+ 45. Kxb4 Kg7 46. Kc5 Ba4 47.
Kd6 Kf8 48. Nf6 Bd1 49. Nxh7+ Kg7 50. Nf6 Kf8 51. Kd7 Be2 52. Kd8 Bd1 53. Nd7+
Kg7 54. Ke7 Ba4 55. Nf6 Bd1 56. Ne8+ Kg8 57. Nd6 1-0

[Event "C'est un classique V"]
[Site "Chess.com"]
[Date "2021.01.23"]
[Round "1.1"]
[White "Pomerantz, Daniel"]
[Black "Laroche, Hugo"]
[Result "1/2-1/2"]
[WhiteElo "2198"]
[BlackElo "1738"]
[PlyCount "127"]
[EventDate "2021.01.23"]
[EventType "swiss"]
[EventRounds "5"]
[EventCountry "CAN"]

1. e4 e5 2. Nf3 Nc6 3. Bb5 a6 4. Ba4 Nf6 5. O-O Be7 6. Re1 b5 7. Bb3 d6 8. c3
O-O 9. h3 Na5 10. Bc2 c5 11. d4 Qc7 12. Nbd2 cxd4 13. cxd4 Nc6 14. Nb3 a5 15.
Be3 a4 16. Nbd2 Bd7 17. a3 Rfe8 18. d5 Na5 19. Bd3 Qb7 20. Qe2 Rec8 21. Rec1 h6
22. Ne1 Nh7 23. Nc2 Bg5 24. Nb4 Bxe3 25. Qxe3 Nf6 26. Qe2 Qb6 27. Kh2 Nb7 28.
Nc6 Bxc6 29. Rxc6 Rxc6 30. dxc6 Nc5 31. Bxb5 Rb8 32. Bc4 Qxc6 33. Rc1 Rxb2 34.
Qe3 Nfxe4 35. Qf3 d5 36. Nxe4 Nxe4 37. Qxe4 dxe4 38. Bxf7+ Kxf7 39. Rxc6 Rxf2
40. Rc4 Rf4 41. g3 Rf2+ 42. Kg1 Rf3 43. Rxa4 Rxg3+ 44. Kh2 Re3 45. Ra6 Rf3 46.
Kg2 Rf4 47. Rb6 e3 48. Rb2 Kf6 49. Re2 Ra4 50. Rxe3 e4 51. Rb3 Kf5 52. Kg3 Ra5
53. h4 g5 54. hxg5 Kxg5 55. a4 Rxa4 56. Rb5+ Kf6 57. Kf4 Ra1 58. Rb6+ Kg7 59.
Kxe4 Rf1 60. Rb3 Kg6 61. Rf3 Rg1 62. Kf4 h5 63. Rg3+ Rxg3 64. Kxg3 1/2-1/2

[Event "C'est un classique V"]
[Site "Chess.com"]
[Date "2021.01.23"]
[Round "1.2"]
[White "Bilodeau-Savaria, Sandy-Rose"]
[Black "Latorre, Vincent"]
[Result "0-1"]
[WhiteElo "1700"]
[BlackElo "2071"]
[PlyCount "72"]
[EventDate "2021.01.23"]
[EventType "swiss"]
[EventRounds "5"]
[EventCountry "CAN"]

1. d4 Nf6 2. c4 g6 3. Nc3 Bg7 4. e4 d6 5. h3 O-O 6. Nf3 e5 7. d5 a5 8. Bd3 Na6
9. O-O Nc5 10. Bc2 Nfd7 11. Bg5 f6 12. Be3 f5 13. Bg5 Nf6 14. exf5 Bxf5 15. Re1
Qd7 16. Bxf5 gxf5 17. Bxf6 Bxf6 18. Qc2 e4 19. Nd2 Nd3 20. Re3 Bd4 21. Rg3+ Kh8
22. Rxd3 exd3 23. Qxd3 Qg7 24. Re1 Rg8 25. Qf3 Qg5 26. Nf1 Rae8 27. Rxe8 Rxe8
28. Qd3 Qf4 29. Qd2 Qxd2 30. Nxd2 Re1+ 31. Nf1 Bxc3 32. bxc3 Ra1 33. g4 fxg4
34. hxg4 Rxa2 35. Ne3 a4 36. Kg2 a3 0-1

[Event "C'est un classique V"]
[Site "Chess.com"]
[Date "2021.01.23"]
[Round "1.3"]
[White "Adam, Rafael"]
[Black "Dube, Daniel"]
[Result "1-0"]
[WhiteElo "2049"]
[BlackElo "1697"]
[PlyCount "65"]
[EventDate "2021.01.23"]
[EventType "swiss"]
[EventRounds "5"]
[EventCountry "CAN"]

1. d4 e6 2. c4 Nf6 3. Nc3 d5 4. cxd5 Nxd5 5. Nf3 Nxc3 6. bxc3 c5 7. g3 cxd4 8.
cxd4 Bb4+ 9. Bd2 Bxd2+ 10. Qxd2 O-O 11. Bg2 Nc6 12. Rd1 Qa5 13. Qxa5 Nxa5 14.
Ne5 Rb8 15. O-O b6 16. Rc1 f6 17. Nd3 Rd8 18. e3 Ba6 19. Rfd1 Rbc8 20. Nf4 Bc4
21. Bh3 f5 22. Bf1 Kf7 23. Nd3 Bxa2 24. Ne5+ Kf6 25. Ba6 Rxc1 26. Rxc1 Re8 27.
Rc7 Re7 28. Nd7+ Kf7 29. Rxa7 Ke8 30. Bb5 Bd5 31. Nxb6+ Nc6 32. Rxe7+ Kxe7 33.
Nxd5+ 1-0